书目信息 |
| 题名: |
高聚物合成工艺学
|
|
| 作者: | 赵德仁 , 张慰盛 编 | |
| 分册: | ||
| 出版信息: | 北京 化学工业出版社 2016.5 |
|
| 页数: | 486页 | |
| 开本: | 26cm | |
| 丛书名: | ||
| 单 册: | ||
| 中图分类: | TQ316 | |
| 科图分类: | ||
| 主题词: | 高聚物--有机合成--工艺学--高等学校--教材 | |
| 电子资源: | ||
| ISBN: | 978-7-122-16697-5 | |
| 000 | 01558nam0 2200265 450 | |
| 001 | 0400002106 | |
| 005 | 20171026083619.57 | |
| 010 | @a978-7-122-16697-5@dCNY56.00 | |
| 100 | @a20150310d2016 em y0chiy50 ea | |
| 101 | 0 | @achi |
| 102 | @aCN@b110000 | |
| 105 | @aa z 000yy | |
| 106 | @ar | |
| 200 | 1 | @a高聚物合成工艺学@9gao ju wu he cheng gong yi xue@f赵德仁,张慰盛编 |
| 205 | @a第3版 | |
| 210 | @a北京@c化学工业出版社@d2016.5 | |
| 215 | @a486页@c图@d26cm | |
| 300 | @a高等学校教材 | |
| 330 | @a本教材共分三篇20章。第一章绪论介绍了高分子合成材料的发展简史及其应用。第一篇聚合方法与工艺过程。主要包括:高分子化合物的生产过程;聚合物单体的原料路线;聚合物单体的原料路线;自由基聚合生产工艺;离子聚合与配位聚合生产工艺;缩合聚合生产工艺;逐步加成聚合物的生产工艺;高聚物的改性工艺。第二篇合成树脂与塑料。主要包括:合成树脂与塑料概论;热塑性通用塑料;工程塑料;高性能聚合物与特种聚合物;生物基高聚物与生物降解高聚物;固态离子(型)聚合物;水溶性聚合物;热塑性橡胶;高分子材料在控制释放技术中的应用;合成纤维。第三篇合成橡胶。主要包括:合成橡胶概论;通用橡胶、特种橡胶、合成胶乳与液体橡胶。既介绍了有关合成高聚物在生产工艺方面的共同知识,又兼顾了各主要品种的特点,内容全面。本书以聚合方法(工艺)为主,主要介绍了高分子材料领域中重要品种的生产方法、结构、性能与应用等有关内容,使读者可以全面地了解高分子材料的有关知识。 | |
| 606 | 0 | @a高聚物@x有机合成@x工艺学@x高等学校@j教材 |
| 690 | @aTQ316@v5 | |
| 701 | 0 | @a赵德仁@9zhao de ren@4编 |
| 701 | 0 | @a张慰盛@9zhang wei sheng@4编 |
| 801 | 0 | @aCN@b91MARC@c20171020 |
| 905 | @b1031505-9@dTQ316@f5@e16=3 | |
| 高聚物合成工艺学/赵德仁,张慰盛编.-第3版.-北京:化学工业出版社,2016.5 |
| 486页:图;26cm |
| 高等学校教材 |
| ISBN 978-7-122-16697-5:CNY56.00 |
| 本教材共分三篇20章。第一章绪论介绍了高分子合成材料的发展简史及其应用。第一篇聚合方法与工艺过程。主要包括:高分子化合物的生产过程;聚合物单体的原料路线;聚合物单体的原料路线;自由基聚合生产工艺;离子聚合与配位聚合生产工艺;缩合聚合生产工艺;逐步加成聚合物的生产工艺;高聚物的改性工艺。第二篇合成树脂与塑料。主要包括:合成树脂与塑料概论;热塑性通用塑料;工程塑料;高性能聚合物与特种聚合物;生物基高聚物与生物降解高聚物;固态离子(型)聚合物;水溶性聚合物;热塑性橡胶;高分子材料在控制释放技术中的应用;合成纤维。第三篇合成橡胶。主要包括:合成橡胶概论;通用橡胶、特种橡胶、合成胶乳与液体橡胶。既介绍了有关合成高聚物在生产工艺方面的共同知识,又兼顾了各主要品种的特点,内容全面。本书以聚合方法(工艺)为主,主要介绍了高分子材料领域中重要品种的生产方法、结构、性能与应用等有关内容,使读者可以全面地了解高分子材料的有关知识。 |
| ● |
| 相关链接 |
|
|
|
|
正题名:高聚物合成工艺学
索取号:TQ316/16=3
 
预约/预借
| 序号 | 登录号 | 条形码 | 馆藏地/架位号 | 状态 | 备注 |
| 1 | 1031505 | 210315050 | 第二样本阅览室/ [索取号:TQ316/16=3] | 在馆 | |
| 2 | 1031506 | 210315069 | 密集书库-化学系/ [索取号:TQ316/16=3] | 在馆 | |
| 3 | 1031507 | 210315078 | 第三借阅区/ [索取号:TQ316/16=3] | 在馆 | |
| 4 | 1031508 | 210315087 | 第三借阅区/ [索取号:TQ316/16=3] | 在馆 | |
| 5 | 1031509 | 210315096 | 第三借阅区/ [索取号:TQ316/16=3] | 在馆 |